000 00704nmm a2200169Ia 4500
008 251105s9999||||xx |||||||||||||||||und||
020 _a9788497494113
041 _aspa
100 _aBusto Lago, José Manuel
245 0 _aEl consumidor ante la crisis económica: vivienda, mercado hipotecario y concurso :
_b Actas de la reunión científica celebrada en la Facultad de Derecho de la Universidad de A Coruña, A Coruña, 12-13 de noviembre de 2009
264 _a[Madrid, España] :
_bUniversidade da Coruña,
_c2010
300 _a350 páginas
490 _aCursos, congresos e simposios
650 _aEconomics and Business
856 _uhttps://public.digitaliapublishing.com/a/9052
942 _cCF
999 _c90567
_d90567